Steal A Brainrot All Lucky Blocks - Statistics

General Stats
  • This quiz has been taken 67 times
    8 since last reset
  • The average score is 10 of 12
Answer Stats
Rarest Answer % Correct
Pop Pop Sahur Brainrot God Lucky Block
100%
Celestial Pegasus Secret Lucky Block
100%
La Food Combinasion Taco Lucky Block
100%
Sammyni Fattini Admin Lucky Block
86%
Reinito Sleighito Festive Lucky Block
86%
Los Sekolahs Los Lucky Blocks
86%
Bananito Bandito Mythic Lucky Block
86%
La Casa Boo Spooky Lucky Block
86%
Hydra Bunny Egg Lucky Block
71%
Fortunu And Cashuru Leprechaun Lucky Block
71%
Los Amigos Los Taco Blocks
57%
Rosey And Teddy Valentines Lucky Block
43%
No matching quizzes found
Score Distribution
Percent of People with Each Score
Percentile by Number Answered
Your Score History
You have not taken this quiz since the last reset